| 000 | 00000nam 2200000zi 4500 |
| 001 | 9.937017 |
| 003 | CaOODSP |
| 005 | 20251027135350 |
| 006 | m o d f |
| 007 | cr |n||||||||| |
| 008 | 240418e20240319onc ob f|0| 0 fre d |
| 040 | |aCaOODSP|bfre|erda|cCaOODSP |
| 043 | |an-cn--- |
| 086 | 1 |aYM32-3/441-C61F-PDF |
| 100 | 1 |aCollier, Brittany, |eauteur. |
| 245 | 10|aProjet de loi C-61 : |bLoi concernant l’eau, les sources d’eau, l’eau potable, les eaux usées et les infrastructures connexes sur les terres des Premières Nations / |cBrittany Collier et Marlisa Tiedemann. |
| 246 | 3 |aRésumé législatif du projet de loi C-61 : |bLoi concernant l’eau, les sources d’eau, l’eau potable, les eaux usées et les infrastructures connexes sur les terres des Premières Nations |
| 246 | 17|aVersion préliminaire, non-révisée |
| 264 | 1|aOttawa : |bBibliothèque du Parlement = Library of Parliament, |cle 19 mars 2024. |
| 264 | 4|c©2024 |
| 300 | |a1 ressource en ligne (i, 23 pages). |
| 336 | |atexte|btxt|2rdacontent/fre |
| 337 | |ainformatique|bc|2rdamedia/fre |
| 338 | |aressource en ligne|bcr|2rdacarrier/fre |
| 490 | 1 |aRésumé législatif ; |v44-1-C61-F |
| 500 | |aPublié aussi en anglais sous le titre : Bill C-61: an Act respecting water, source water, drinking water, wastewater and related infrastructure on First Nation lands. |
| 504 | |aComprend des références bibliographiques (pages 18-23). |
| 650 | 6|aAutochtones|xDroits|zCanada. |
| 650 | 6|aAutochtones|xSanté et hygiène|zCanada. |
| 650 | 6|aEau potable|xDroit|zCanada. |
| 650 | 6|aEaux usées|xÉpuration|zCanada. |
| 710 | 1 |aCanada. |bBibliothèque du Parlement, |eorganisme de publication. |
| 710 | 1 |aCanada. |bServices d'information, d'éducation et de recherche parlementaires, |eorganisme de publication. |
| 775 | 08|tBill C-61 : |w(CaOODSP)9.937016 |
| 794 | |tProjet de loi C-61 : |w(CaOODSP)9.956740 |
| 830 | #0|aRésumé législatif (Canada. Services d'information, d'éducation et de recherche parlementaires)|v44-1-C61-F.|w(CaOODSP)9.501179 |
| 856 | 40|qPDF|s1.73 Mo|uhttps://publications.gc.ca/collections/collection_2024/bdp-lop/ls/YM32-3-441-C61-fra.pdf |